00416nam a2200181Ia 4500008004000000020001800040041000800058082001300066100001700079245002500096250000500121260005900126300001200185650001200197650000700209650001200216650000600228210210b2010 xxu||||| |||| 00| 0 eng d a9788189866723 aeng a621 MITA aMITTAL (P K) aApplied physics Ed 2 a aNDbI K International Publishing House Pvt. Ltd.c2010 axiv,402 aphysics aEd aApplied a2